00280nam a22000857a 4500082002100000100002000021245008700041260004400128300002200172 a347.5491052bMAH aMahmood Shaukat aThe Limitation Act (Act IX of 1908) /cSh. Shaukat Mahmood and Sh. Nadeem Shaukat  aLahore :bLegal Research Centre,c2020. a1028 p. ;c24 cm.